000 00570nam a2200217Ia 4500
005 20241129120107.0
008 241129s9999||||xx |||||||||||||| ||und||
020 _a9781501351785
037 _aTB
040 _aSDCL
_beng
_cSDCL
041 _aeng
_2eng
084 _aO-,3:g, R2
_qSDCL
100 _aGreenaway Jonathan
_9729113
245 0 _aTheology, horror and fiction
260 _aDelhi
_bBloomsbury Academic India
_c2022
300 _a198p.
365 _aGBP
_b28.99
650 _aEnglish
942 _cTB
_hO-,3:g, R2
999 _c1233312
_d1233312